Debilidad de Dios. Una teología del acontecimiento.
Salvato in:
| Autore principale: | |
|---|---|
| Natura: | Sconosciuto |
| Pubblicazione: |
Ciudad Autónoma de Buenos Aires, Argentina:
Prometeo Libros,
2014.
|
| Edizione: | 1a ed. |
| Soggetti: | |
| Tags: |
Aggiungi Tag
Nessun Tag, puoi essere il primo ad aggiungerne!!
|
MARC
| LEADER | 00000 a2200000 4500 | ||
|---|---|---|---|
| 003 | CL-VaPUC | ||
| 005 | 20231116110128.0 | ||
| 008 | 231106t2014 ||||| |||| 00| 0 eng d | ||
| 999 | |c 442233 |d 442231 | ||
| 020 | |a 9789875746527 | ||
| 040 | |c Pontificia Universidad Católica de Valparaíso | ||
| 082 | 7 | |a 231 CAP 2014 |2 22 | |
| 100 | |a Caputo, John D. |9 578384 |e autor | ||
| 245 | |a Debilidad de Dios. |b Una teología del acontecimiento. | ||
| 250 | |a 1a ed. | ||
| 260 | |a Ciudad Autónoma de Buenos Aires, Argentina: |b Prometeo Libros, |c 2014. | ||
| 300 | |a 556 páginas. | ||
| 583 | |k GC |c 20231106 | ||
| 600 | 0 | |a Dios |9 314467 |x Cristianismo | |
| 650 | 0 | |a Religión |9 858345 |x Filosofía | |
| 650 | 0 | |a Hermenéutica |9 874649 |x Filosofía | |
| 942 | |2 ddc |c BK | ||
| 952 | |0 0 |1 0 |2 ddc |4 0 |6 231_000000000000000_CAP_2014 |7 0 |8 A |9 592269 |a BIBTEO |b BIBTEO |c GEN |d 2023-11-03 |e 59 |g 44592.00 |i 5659282 |l 5 |o 231 CAP 2014 |p 5659282 |r 2025-01-17 |s 2024-11-07 |t 1 |v 44592.00 |w 2023-11-03 |y BK |k ICR | ||